Ist es die Luft, die klingt, oder ist es das eigene Herz. (Titelsatznr. 372160)
[ MARC ]
| 000 -Satzkennung | |
|---|---|
| Kontrollfeld mit fester Länge | 00587nam a22001697a 4500 |
| 008 - Feld mit fester Länge zur physischen Beschreibung - Allgemeine Angaben | |
| Kontrollfeld mit fester Länge | 230120b ||||| |||| 00| 0 eng d |
| 040 ## - Katalogisierungsquelle | |
| Original-Katalogisierungsstelle | DE-2950 |
| Übertragungsstelle | DE-2950 |
| 041 ## - Sprachcode | |
| Sprachcode des Textes/der Tonspur oder des separaten Titels | ger |
| 100 ## - Haupteintragung - Personenname | |
| Personenname | Nagel, Barbara: |
| 245 ## - Titel | |
| Titel | Ist es die Luft, die klingt, oder ist es das eigene Herz. |
| Zusatz zum Titel | Zweite Malwanderung diesseits und jenseits der Oder / |
| Verfasserangabe etc. | Barbara Nagel ; Gisela Neumann |
| 260 ## - Publikation, Vertrieb usw. (Erscheinungsvermerk) | |
| Name des Verlags, des Vertriebs etc. | Atelier im Oderbruch |
| Date of publication, distribution, etc | 1997 |
| 300 ## - Physische Beschreibung | |
| Umfang | 61 Seiten. |
| Andere physische Details | Mit dreißig Pastellen und Aquarellen und Texten der Malerinnen. |
| 653 ## - Indexierungsterm - Nicht normiert | |
| Nicht-normierter Term | Oderbruch |
| 653 ## - Indexierungsterm - Nicht normiert | |
| Nicht-normierter Term | Aquarelle |
| 653 ## - Indexierungsterm - Nicht normiert | |
| Nicht-normierter Term | Lyrik |
| 942 ## - Zusätzliche Felder (Koha) | |
| Klassifikation oder Aufstellungssystematik | Andere/Generische Klassifikation |
| Koha-Medientyp | Bücher |
| Ausgeschieden | Verloren | Klassifikation oder Aufstellungssystematik | Beschädigt | Nicht entleihbar | Permanenter Standort | Aktueller Standort | Aufstellungsort | Erwerbungsdatum | Lieferant | Kodierter Standort-Qualifier | Anzahl Ausleihen | Signatur | Letzte Aktivität | Exemplarnummer | Preis gültig von | Medientyp |
|---|---|---|---|---|---|---|---|---|---|---|---|---|---|---|---|---|
| Andere/Generische Klassifikation | Stadtarchiv Frankfurt (Oder) | Archivbibliothek | Stadtarchiv Frankfurt (Oder) | Archivbibliothek | Magazin | 20/01/2023 | Geschenk | M | I: 2922 | 20/01/2023 | 27/2023 | 20/01/2023 | Bücher |